Digimon partners (rookies) Quiz Stats

 Plays Quiz not verified by Sporcle

Score 0/15 Timer 05:00
0 Plays Today
Can you name the partner digimon in Adve % Correct
agumon
97.6%
gabumon
93.3%
patamon
91.3%
palmon
89.8%
biyomon
88.2%
tentomon
87%
gomamon
86.2%
veemon
84.3%
Can you name the partner digimon in Adve % Correct
hawkmon
81.9%
wormmon
74.4%
armadillomon
74%
salamon
73.6%
gatomon*
11%
terriermon**
9.4%
kokomon**
8.3%

You're not logged in!

Compare scores with friends on all Sporcle quizzes.
OR
Log In

Show Comments

Extras

Created Nov 20, 2010ReportNominate
Tags:digimon, partner, rookie

Top Quizzes Today


Score Distribution

Your Account Isn't Verified!

In order to create a playlist on Sporcle, you need to verify the email address you used during registration. Go to your Sporcle Settings to finish the process.

Report this User

Report this user for behavior that violates our Community Guidelines.

Details: